| 000 | 00543nam a2200181Ia 4500 | ||
|---|---|---|---|
| 008 | 151202s9999||||xx |||||||||||||| ||und|| | ||
| 082 | _bPNVM-72125 | ||
| 100 | _aमराठे मेधा. | ||
| 245 | _aहितोपदेश. | ||
| 260 | _bपरी प्रकाशन कोल्हापूर. | ||
| 260 | _c72125 | ||
| 300 | _a152 | ||
| 600 | _aमराठे मेधा. | ||
| 630 | _aहितोपदेश. | ||
| 700 | _aमराठे मेधा. | ||
| 730 | _aहितोपदेश. | ||
| 942 | _cBOOK | ||
| 999 |
_c1338793 _d1338790 |
||